LIBRARY & INFORMATION CENTRE, KCAET, TAVANUR

ONLINE PUBLIC ACCESS CATALOGUE (OPAC)

Treatise on Hygiene and public health / (Record no. 1273)

MARC details
000 -LEADER
fixed length control field 00430cam a2200157ua 4500
041 ## - LANGUAGE CODE
Language code of text/sound track or separate title eng
082 ## - DEWEY DECIMAL CLASSIFICATION NUMBER
Classification number 613
Item number GHO/TR
100 ## - MAIN ENTRY--AUTHOR NAME
Personal name Ghosh, Birendranath .
245 ## - TITLE STATEMENT
Title Treatise on Hygiene and public health /
260 ## - PUBLICATION, DISTRIBUTION, ETC. (IMPRINT)
Place of publication Calcutta :
Name of publisher Scientific publishing co. ,
Year of publication 1959.
300 ## - PHYSICAL DESCRIPTION
Number of Pages 939 ; .
700 1# - ADDED ENTRY--PERSONAL NAME
Personal name Ghosh, Rabindranath .
942 ## - ADDED ENTRY ELEMENTS (KOHA)
Koha item type Books
Holdings
Withdrawn status Lost status Damaged status Home library Current library Date acquired Full call number Accession Number Koha item type
      KAUAET KAUAET 07/04/2012 613 3005 Books
free website counter